000 00323nam a2200145Ia 4500
005 20251222140034.0
008 251222s1900||||xx |||||||||||||| ||spa||
020 _a8420615072
082 _a193/N56A
100 _aNietzsche, Friedrich
245 0 _aEl Anticristo:
250 _a3a.ed.
264 _bAlianza
942 _cLIB
999 _c3063
_d3063